[Event "ARG-ch Amateur U2000"]
[Site "San Martin"]
[Date "2019.11.17"]
[Round "7.8"]
[White "Reinoso, Ernesto"]
[Black "Ferian, Fernando"]
[Result "1-0"]
[WhiteElo "1790"]
[BlackElo "1892"]
[PlyCount "77"]
[EventDate "2019.11.15"]
[EventType "swiss"]
[EventRounds "8"]
[EventCountry "ARG"]
[SourceTitle "EXT 2024"]
[Source "ChessBase"]
[SourceDate "2023.10.10"]
[SourceVersion "1"]
[SourceVersionDate "2023.10.10"]
[SourceQuality "1"]

1. e4 e5 2. Nf3 Nc6 3. d4 exd4 4. Nxd4 Bc5 5. Nb3 Bb6 6. Nc3 Qf6 7. f3 Nge7 8. Qe2 d6 9. Bd2 a6 10. 0-0-0 Nd4 11. Nxd4 Bxd4 12. h4 h6 13. g4 Be6 14. Kb1 Ba7 15. f4 0-0-0 16. Bc1 g6 17. g5 hxg5 18. f5 Bd7 19. Bxg5 Qe5 20. Nd5 Nxd5 21. Rxd5 Qe8 22. Bxd8 Qxd8 23. fxg6 fxg6 24. Bh3 Rxh4 25. Bxd7+ Kxd7 26. Rxh4 Qxh4 27. Rd1 c6 28. e5 d5 29. e6+ Ke7 30. Rf1 Qe4 31. Qd2 Be3 32. Qh2 Kxe6 33. Qc7 d4 34. Qxb7 a5 35. Qf7+ Ke5 36. Qc7+ Ke6 37. Qc8+ Kd5 38. Qd8+ Kc4 39. Qxa5 1-0